000 00277nam a22001097a 4500
082 _a333/KUM
100 _aKumar,Adesh
_983563
245 _aRole Of Governmemt In Disaster Managment
260 _aNew Delhi
_bOrange Books International
_c2022
650 _aManagement
942 _cBK
999 _c68504
_d68504